000
00308nam a22001337a 4500
008
181105b xxu||||| |||| 00| 0 eng d
020
_a
9780131498952
041
_a
eng
080
_2
3rd
_a
510
100
_a
36
101
_a
MAT
245
_a
Beginning & Intermediate Algebra
_c
Gay,K.E.M
942
_2
udc
_c
BK
999
_c
51797
_d
51797